A coal miner's bride : (Record no. 10068)
[ view plain ]
| 000 -LEADER | |
|---|---|
| fixed length control field | 01198nam a22003017a 4500 |
| 003 - CONTROL NUMBER IDENTIFIER | |
| control field | OSt |
| 005 - DATE AND TIME OF LATEST TRANSACTION | |
| control field | 20260416093858.0 |
| 008 - FIXED-LENGTH DATA ELEMENTS--GENERAL INFORMATION | |
| fixed length control field | 260416b |||||||| |||| 00| 0 eng d |
| 010 ## - LIBRARY OF CONGRESS CONTROL NUMBER | |
| LC control number | 99046200 |
| 020 ## - INTERNATIONAL STANDARD BOOK NUMBER | |
| International Standard Book Number | 9780439053860 |
| 020 ## - INTERNATIONAL STANDARD BOOK NUMBER | |
| International Standard Book Number | 0439053862 (Hardcover) |
| 040 ## - CATALOGING SOURCE | |
| Language of cataloging | eng |
| Transcribing agency | Scholastic Inc. |
| 050 ## - LIBRARY OF CONGRESS CALL NUMBER | |
| Classification number | PZ 7 .B284 2000 |
| Item number | .B284 2000 |
| 100 ## - MAIN ENTRY--PERSONAL NAME | |
| Personal name | Bartoletti, Susan Campbell. |
| 245 ## - TITLE STATEMENT | |
| Title | A coal miner's bride : |
| Remainder of title | the diary of Anetka Kaminska Lattimer, Pennsylvania / |
| Statement of responsibility, etc. | Susan Campbell Bartoletti. |
| 250 ## - EDITION STATEMENT | |
| Edition statement | FIRST EDITION |
| 260 ## - PUBLICATION, DISTRIBUTION, ETC. | |
| Place of publication, distribution, etc. | New York : |
| Name of publisher, distributor, etc. | : Scholastic Inc., |
| Date of publication, distribution, etc. | 1896 |
| 300 ## - PHYSICAL DESCRIPTION | |
| Extent | 219 pages: |
| Other physical details | ill ; |
| Dimensions | 20 cm. |
| 490 ## - SERIES STATEMENT | |
| Series statement | Dear America series |
| 520 ## - SUMMARY, ETC. | |
| Summary, etc. | A diary account of thirteen-year-old Anetka's life in Poland in 1896, her immigration to America, marriage to a coal miner, widowhood, and happiness in finally finding her true love. |
| 650 ## - SUBJECT ADDED ENTRY--TOPICAL TERM | |
| Topical term or geographic name entry element | Immigrants |
| Form subdivision | Juvenile fiction |
| Geographic subdivision | United States |
| 650 ## - SUBJECT ADDED ENTRY--TOPICAL TERM | |
| Topical term or geographic name entry element | Polish Americans |
| Form subdivision | Juvenile fiction |
| 650 ## - SUBJECT ADDED ENTRY--TOPICAL TERM | |
| Topical term or geographic name entry element | Coal miners |
| Form subdivision | Juvenile fiction |
| 650 ## - SUBJECT ADDED ENTRY--TOPICAL TERM | |
| Topical term or geographic name entry element | Diaries |
| Form subdivision | Juvenile fiction. |
| 651 ## - SUBJECT ADDED ENTRY--GEOGRAPHIC NAME | |
| Geographic name | Pennsylvania -- History -- 1865- -- Fiction. |
| 655 ## - INDEX TERM--GENRE/FORM | |
| Source of term | lcgft |
| Genre/form data or focus term | Historical fiction. |
| 942 ## - ADDED ENTRY ELEMENTS (KOHA) | |
| Source of classification or shelving scheme | Library of Congress Classification |
| Koha item type | Books |
| Edition | 1st ed. |
| Suppress in OPAC | No |
| Withdrawn status | Lost status | Source of classification or shelving scheme | Damaged status | Not for loan | Home library | Current library | Date acquired | Total checkouts | Full call number | Barcode | Date last seen | Price effective from | Koha item type |
|---|---|---|---|---|---|---|---|---|---|---|---|---|---|
| Library of Congress Classification | PIU Library | Main Library | 04/16/2026 | PZ 7 .B284 2000 | PIUDLMUR1018 | 04/16/2026 | 04/16/2026 | Books |